000 00692nam a2200241Ia 4500
001 48378
005 20240114003907.0
007 ta
008 090514s1971 g b000 u 491 u
040 _aCotton College,Assam
041 _a491
082 _a891.12
_bK 124 K
100 _aBhattacharya, Gurunath Vidyanidhi .
245 0 _aKumara Sambhabam /
_cGurunath Vidyanidhi Bhattacharya,Manoranja Sahitya Shastri.
_hTextual Documents
250 _a1st ed /
260 _aCacutta :
_bSanskrti Book Depot ,
_c1971.
300 _a232 p ;
_c20 cm.
653 _aSanskrit
700 _aSahitya Sastri, Manoranjan .
942 _2ddc
_cBK
999 _c48343
_d48343